| 000 | 00444nam a22001697a 4500 | ||
|---|---|---|---|
| 003 | NUST - PNEC | ||
| 005 | 20170116180753.0 | ||
| 008 | 150313b xxu||||| |||| 00| 0 eng d | ||
| 040 | _cLIBRARY | ||
| 082 | _a891.439 WAS | ||
| 100 |
_91817 _aWasif Ali Wasif |
||
| 245 | _a Dil darya samandar | ||
| 260 |
_aLahore : _bKashif Publications, _cc1998. |
||
| 300 |
_a248 p. : _c22 cm. |
||
| 650 |
_91820 _aUrdu Literature _xGeneral |
||
| 942 |
_2ddc _cBK |
||
| 999 |
_c62615 _d62615 |
||